000 00669nam a2200193Ia 4500
003 GCL
008 140319s9999 xx 000 0 ara d
040 _aGCL /
_cGCL
082 0 4 _aش ف
_b791.43
_bع س
100 1 _aعاطف سالم
245 1 0 _aالسيرك (شرائط فيديو) /
_cعاطف سالم
260 _aالقاهرة :
_bالمؤسسة المصرية العامة للسينما
300 _a1 شريط:
_bس ، ب ؛
_c1\2 بوصة
650 0 4 _aالافلام السينمائية
650 0 4 _aالفيديو، أشرطة
650 0 4 _aالافلام الاستعراضية
650 0 4 _aالافلام الغنائية
942 _2ddc
_cVM
999 _c28788
_d28788